000 01489nam a22002417a 4500
999 _c490
_d490
005 20190816141646.0
008 190816b ||||| |||| 00| 0 eng d
020 _a9780746000588
040 _cKH8
082 _a468.242 WIL
100 _a Wilkes, Angela
245 _aSpanish for beginners /
_cAngela Wilkes; illustrated by John Shackell
260 _aLondon :
_bUsborne,
_c2001.
300 _a48 pages :
_bcolor illustrations ;
_c25 cm
500 _aUsborne internat-linked
505 _aAbout this book; saying "hello" and "goodbye"; what is your name?; naming things; where do you come from?; more about you; your family; your home; looking for things; what do you like?; table talk; your hobbies; telling the time; arranging things; asking where places are; finding your way around; going shopping; shopping and going to a cafe; months and seasons; colours and numbers; pronunciation guide; grammar; answers to puzzles.
520 _aThis title deals with everyday situations in which children may find themselves while abroad. Spanish grammar is clearly explained, and puzzles provide plenty of practice. This title is part of a series providing a thorough grounding in useful, basic language skills.
650 _aSpanish language
_vProblems, exercises, etc
_xJuvenile literature.
650 _aSpanish language
_vTextbooks for foreign speakers
_xEnglish
_yJuvenile literature.
650 _aSpanish language.
700 _aShackell, John
_eIllustrator
942 _2ddc
_cNFIC